| 000 | 00498 a2200157 4500 | ||
|---|---|---|---|
| 999 |
_c760 _d760 |
||
| 020 | _a0797421351 | ||
| 050 | _aDT3415 MEA 1988 | ||
| 100 | _aMeadows Keith | ||
| 245 |
_aSometimes when it rains : _bwhite Africans in black Africa / _cKeith Meadows |
||
| 264 |
_aBulawayo, Zimbabwe : _bThorntree Press, _c1988 |
||
| 300 | _ax, 376 pages : illustrations ; 22 cm | ||
| 500 | _aNo index | ||
| 650 |
_a Whites -- Zimbabwe _xBiography. |
||
| 651 | _a Zimbabwe -- History. | ||
| 942 |
_2lcc _cBK _h3415 _iMEA _kDT |
||